000 00550nam a2200193Ia 4500
005 20250508161108.0
008 008 250505s9999 xx 000 0 hin d
037 _aTextual
040 _aFEDL
_beng
_cFEDL
041 _ahin
_2eng
084 _a370.954, BIM
_qFEDL
100 _aBimla Prasad
_9770228
245 0 _aUttar bhartiya shiksha evam gyan ke kuch pax
260 _aPatna, India
_bBihar Hindi Granth Akademi
_c1977
300 _a306p
650 _aEducation
942 _cTEXL
_h370.954, BIM
999 _c1368413
_d1368413